[Event "Stari Banovci Vidovdan op"]
[Site "Stari Banovci"]
[Date "2017.06.28"]
[Round "1"]
[White "Popchev, Milko"]
[Black "Kozic, Mirko"]
[Result "1-0"]
[WhiteElo "2282"]
[BlackElo "1722"]
[PlyCount "63"]
[EventDate "2017.06.28"]
[EventType "swiss"]
[EventRounds "9"]
[EventCountry "SRB"]
[SourceTitle "EXT 2018"]
[Source "ChessBase"]
[SourceDate "2017.10.13"]
[SourceVersion "1"]
[SourceVersionDate "2017.10.13"]
[SourceQuality "1"]

1. g3 d5 2. Bg2 Nf6 3. c4 e6 4. Nf3 Nbd7 5. Qc2 Bd6 6. 0-0 0-0 7. d4 c6 8. Bf4 Qc7 9. e3 e5 10. dxe5 Nxe5 11. Nxe5 Bxe5 12. cxd5 c5 13. Bxe5 Qxe5 14. Qxc5 Qxb2 15. Qc3 Qb6 16. Nd2 Bd7 17. Rab1 Qa6 18. Qb3 b6 19. e4 Qe2 20. Rb2 Qh5 21. f4 Rac8 22. e5 Ng4 23. h3 Nh6 24. e6 fxe6 25. dxe6 Be8 26. Ne4 Kh8 27. g4 Nxg4 28. hxg4 Qxg4 29. Qh3 Bh5 30. Qxg4 Bxg4 31. e7 Rg8 32. Nd6 1-0

[Event "SRB Central-ch op-B 9th"]
[Site "Paracin"]
[Date "2016.07.07"]
[Round "1"]
[White "Kozic, Mirko"]
[Black "Gajin, Nikola"]
[Result "0-1"]
[WhiteElo "1716"]
[BlackElo "2069"]
[PlyCount "68"]
[EventDate "2016.07.07"]
[EventType "swiss"]
[EventRounds "9"]
[EventCountry "SRB"]
[SourceTitle "CBM 173 Extra"]
[Source "ChessBase"]
[SourceDate "2016.08.29"]
[SourceVersion "1"]
[SourceVersionDate "2016.08.29"]
[SourceQuality "1"]

1. e4 c6 2. d4 d5 3. e5 Bf5 4. Nf3 e6 5. Be2 c5 6. c3 Nc6 7. 0-0 Rc8 8. Qb3 Qc7 9. a3 Bg4 10. Be3 Bxf3 11. Bxf3 Nge7 12. Nd2 Nf5 13. Qd1 cxd4 14. cxd4 Nfxd4 15. Rc1 Qxe5 16. b4 Nb5 17. Qb3 Bd6 18. g3 0-0 19. Rfe1 Qf6 20. Qd3 a6 21. Bg2 Qb2 22. Nf3 Qxa3 23. Qc2 Ne7 24. Bc5 Bxc5 25. bxc5 Nc6 26. Ng5 g6 27. h4 Ncd4 28. Qb1 Rxc5 29. Rxc5 Qxc5 30. h5 Qc2 31. Qb4 Qc3 32. Qb1 Qd2 33. f4 Nc3 34. Qa1 Nc2 0-1